इग्रजांनी हिंदुस्थान कसे घेतले (Record no. 332725)

MARC details
000 -LEADER
fixed length control field 00784nam a2200169Ia 4500
008 - FIXED-LENGTH DATA ELEMENTS--GENERAL INFORMATION
fixed length control field 090711s9999 xx 000 0 und d
082 ## - DEWEY DECIMAL CLASSIFICATION NUMBER
Item number 50615
100 ## - MAIN ENTRY--PERSONAL NAME
Personal name भिडे रामउाgऎष्ण गोपाळ
245 ## - TITLE STATEMENT
Title इग्रजांनी हिंदुस्थान कसे घेतले
260 ## - PUBLICATION, DISTRIBUTION, ETC. (IMPRINT)
Name of publisher, distributor, etc मॉडर्न बुक डेपो प्रकाशन
Date of publication, distribution, etc 1937
300 ## - PHYSICAL DESCRIPTION
Extent 142
600 ## - SUBJECT ADDED ENTRY--PERSONAL NAME
Personal name भिडे रामउाgऎष्ण गोपाळ
630 ## - SUBJECT ADDED ENTRY--UNIFORM TITLE
Uniform title इग्रजांनी हिंदुस्थान कसे घेतले
700 ## - ADDED ENTRY--PERSONAL NAME
Personal name भिडे रामउाgऎष्ण गोपाळ
730 ## - ADDED ENTRY--UNIFORM TITLE
Uniform title इग्रजांनी हिंदुस्थान कसे घेतले
942 ## - ADDED ENTRY ELEMENTS (KOHA)
Koha item type Book
Holdings
Withdrawn status Lost status Damaged status Not for loan Home library Current library Date acquired Cost, normal purchase price Total Checkouts Full call number Barcode Date last seen Cost, replacement price Price effective from Koha item type
        Dadar Sarvajanik Vachanalaya, Dardar Dadar Sarvajanik Vachanalaya, Dardar 07/11/2009 1.50   50615 DASAVA-50615 07/11/2009 1.50 07/11/2009 Book